| 000 | 00642nam a22002297a 4500 | ||
|---|---|---|---|
| 005 | 20220104143705.0 | ||
| 008 | 170624b xxu||||| |||| 00| 0 eng d | ||
| 020 |
_a9780415340946 _cRs.653 |
||
| 040 | _aLoreto College | ||
| 041 | _aEnglish | ||
| 082 |
_a303.48 _bRAY |
||
| 100 | _aRay,Larry | ||
| 245 |
_aGlobalization and everyday life _cLarry Ray |
||
| 260 |
_aLondon _bRoutledge _c2007 |
||
| 300 |
_axviii,238p _b22cm |
||
| 440 | _aThe new sociology | ||
| 504 | _aIncludes bibliographical references and index | ||
| 650 | _aSociology-Philosophy | ||
| 650 | _aGlobalization-Philosophy | ||
| 850 |
_aLCLIB _bSociology |
||
| 942 | _cBK | ||
| 999 |
_c41090 _d91569 |
||